MARC details
| 000 -LEADER |
| fixed length control field |
02064cam a22004934a 4500 |
| 001 - CONTROL NUMBER |
| control field |
6220184 |
| 003 - CONTROL NUMBER IDENTIFIER |
| control field |
ARRUPE |
| 005 - DATE AND TIME OF LATEST TRANSACTION |
| control field |
20131107124944.0 |
| 008 - FIXED-LENGTH DATA ELEMENTS--GENERAL INFORMATION |
| fixed length control field |
061229s2007 iluab b 001 0 eng |
| 010 ## - LIBRARY OF CONGRESS CONTROL NUMBER |
| LC control number |
2006103502 |
| 020 ## - INTERNATIONAL STANDARD BOOK NUMBER |
| International Standard Book Number |
9780226023519 (cloth : alk. paper) |
| 020 ## - INTERNATIONAL STANDARD BOOK NUMBER |
| International Standard Book Number |
0226023516 (cloth : alk. paper) |
| 020 ## - INTERNATIONAL STANDARD BOOK NUMBER |
| International Standard Book Number |
9780226023526 (pbk. : alk. paper) |
| 020 ## - INTERNATIONAL STANDARD BOOK NUMBER |
| International Standard Book Number |
0226023524 (pbk. : alk. paper) |
| 035 ## - SYSTEM CONTROL NUMBER |
| System control number |
(OCoLC)OCM77573179 |
| 035 ## - SYSTEM CONTROL NUMBER |
| System control number |
(OCoLC)77573179 |
| 035 ## - SYSTEM CONTROL NUMBER |
| System control number |
(NNC)6220184 |
| 040 ## - CATALOGING SOURCE |
| Original cataloging agency |
DLC |
| Transcribing agency |
DLC |
| Modifying agency |
BAKER |
| -- |
BTCTA |
| -- |
C#P |
| -- |
OrLoB-B |
| 043 ## - GEOGRAPHIC AREA CODE |
| Geographic area code |
f------ |
| 050 00 - LIBRARY OF CONGRESS CALL NUMBER |
| Classification number |
GN308.3.A35 |
| Item number |
A78 2007 |
| 082 00 - DEWEY DECIMAL CLASSIFICATION NUMBER |
| Classification number |
306.096 |
| Edition number |
22 |
| 300 ## - PHYSICAL DESCRIPTION |
| Other physical details |
ill., map ; |
| Dimensions |
24 cm. |
| 100 1# - MAIN ENTRY--PERSONAL NAME |
| Personal name |
Apter, Andrew H. |
| Fuller form of name |
(Andrew Herman) |
| 9 (RLIN) |
3454 |
| 245 10 - TITLE STATEMENT |
| Title |
Beyond words : |
| Remainder of title |
discourse and critical agency in Africa / |
| Statement of responsibility, etc |
Andrew Apter. |
| 260 ## - PUBLICATION, DISTRIBUTION, ETC. (IMPRINT) |
| Place of publication, distribution, etc |
Chicago : |
| Name of publisher, distributor, etc |
University of Chicago Press, |
| Date of publication, distribution, etc |
2007. |
| 300 ## - PHYSICAL DESCRIPTION |
| Extent |
xii, 171 p. : |
| 504 ## - BIBLIOGRAPHY, ETC. NOTE |
| Bibliography, etc |
Includes bibliographical references (p. [149]-164) and index. |
| 505 00 - FORMATTED CONTENTS NOTE |
| Miscellaneous information |
1. |
| Title |
Que Faire? -- |
| Miscellaneous information |
2. |
| Title |
The politics of panegyric -- |
| Miscellaneous information |
3. |
| Title |
Rituals against rebellion -- |
| Miscellaneous information |
4. |
| Title |
Discourse and its disclosures -- |
| Miscellaneous information |
5. |
| Title |
Griaule's legacy -- |
| Miscellaneous information |
6. |
| Title |
Decolonizing the text. |
| 650 #0 - SUBJECT ADDED ENTRY--TOPICAL TERM |
| Topical term or geographic name as entry element |
Ethnology |
| Geographic subdivision |
Africa |
| General subdivision |
History. |
| 9 (RLIN) |
3455 |
| 650 #0 - SUBJECT ADDED ENTRY--TOPICAL TERM |
| Topical term or geographic name as entry element |
Ethnology |
| Geographic subdivision |
Africa |
| General subdivision |
Philosophy. |
| 9 (RLIN) |
3456 |
| 650 #0 - SUBJECT ADDED ENTRY--TOPICAL TERM |
| Topical term or geographic name as entry element |
Discourse analysis |
| Geographic subdivision |
Africa. |
| 9 (RLIN) |
3457 |
| 650 #0 - SUBJECT ADDED ENTRY--TOPICAL TERM |
| Topical term or geographic name as entry element |
Culture |
| General subdivision |
Semiotic models. |
| 9 (RLIN) |
3458 |
| 650 #0 - SUBJECT ADDED ENTRY--TOPICAL TERM |
| Topical term or geographic name as entry element |
Social problems |
| Geographic subdivision |
Africa. |
| 9 (RLIN) |
3459 |
| 651 #0 - SUBJECT ADDED ENTRY--GEOGRAPHIC NAME |
| Geographic name |
Africa |
| General subdivision |
In popular culture. |
| 9 (RLIN) |
3460 |
| 651 #0 - SUBJECT ADDED ENTRY--GEOGRAPHIC NAME |
| Geographic name |
Africa |
| General subdivision |
Colonization. |
| 9 (RLIN) |
3461 |
| 651 #0 - SUBJECT ADDED ENTRY--GEOGRAPHIC NAME |
| Geographic name |
Africa |
| General subdivision |
Social conditions. |
| 9 (RLIN) |
3462 |
| 651 #0 - SUBJECT ADDED ENTRY--GEOGRAPHIC NAME |
| Geographic name |
Africa |
| General subdivision |
Civilization. |
| 9 (RLIN) |
3463 |
| 856 41 - ELECTRONIC LOCATION AND ACCESS |
| Materials specified |
Table of contents only |
| Uniform Resource Identifier |
<a href="http://www.loc.gov/catdir/toc/ecip077/2006103502.html">http://www.loc.gov/catdir/toc/ecip077/2006103502.html</a> |
| 856 42 - ELECTRONIC LOCATION AND ACCESS |
| Materials specified |
Contributor biographical information |
| Uniform Resource Identifier |
<a href="http://www.loc.gov/catdir/enhancements/fy0701/2006103502-b.html">http://www.loc.gov/catdir/enhancements/fy0701/2006103502-b.html</a> |
| 856 42 - ELECTRONIC LOCATION AND ACCESS |
| Materials specified |
Publisher description |
| Uniform Resource Identifier |
<a href="http://www.loc.gov/catdir/enhancements/fy0707/2006103502-d.html">http://www.loc.gov/catdir/enhancements/fy0707/2006103502-d.html</a> |
| 900 ## - EQUIVALENCE OR CROSS-REFERENCE-PERSONAL NAME [LOCAL, CANADA] |
| Numeration |
TOC |
| 942 ## - ADDED ENTRY ELEMENTS (KOHA) |
| Source of classification or shelving scheme |
Library of Congress Classification |
| Koha item type |
Monograph ( Printed materials) |
| 948 1# - LOCAL PROCESSING INFORMATION (OCLC); SERIES PART DESIGNATOR (RLIN) |
| Series part designator, SPT (RLIN) |
20070626 |
| b (OCLC) |
c |
| c (OCLC) |
jeb52 |
| d (OCLC) |
MPS |
| 948 2# - LOCAL PROCESSING INFORMATION (OCLC); SERIES PART DESIGNATOR (RLIN) |
| Series part designator, SPT (RLIN) |
20070626 |
| b (OCLC) |
a |
| c (OCLC) |
jeb52 |
| d (OCLC) |
MPS |